[Event "Mediterranean op 6th"]
[Site "Rijeka"]
[Date "2013.12.03"]
[Round "5"]
[White "Dizdarevic, Mirsad"]
[Black "Safar, Sandro"]
[Result "1-0"]
[WhiteElo "1862"]
[BlackElo "1667"]
[PlyCount "109"]
[EventDate "2013.11.30"]
[EventType "swiss"]
[EventRounds "9"]
[EventCountry "CRO"]
[SourceTitle "CBM 157 Extra"]
[Source "ChessBase"]
[SourceDate "2013.12.19"]
[SourceVersion "1"]
[SourceVersionDate "2013.12.19"]
[SourceQuality "1"]

1. d4 d5 2. Nf3 Nf6 3. g3 e6 4. Bg2 c5 5. 0-0 Bd6 6. Re1 0-0 7. Nbd2 Nc6 8. c3 b6 9. e4 dxe4 10. Nxe4 Bb7 11. Nxd6 Qxd6 12. Bf4 Qd7 13. dxc5 Rfd8 14. cxb6 axb6 15. Qxd7 Rxd7 16. Ne5 Nxe5 17. Bxb7 Rxb7 18. Bxe5 Rd7 19. Rad1 Rxa2 20. Rxd7 Nxd7 21. Rd1 Ra7 22. Bd4 f6 23. f4 Kf7 24. Rd2 e5 25. fxe5 fxe5 26. Be3 Ke6 27. Kf2 Ra5 28. Ke2 Rd5 29. Rc2 b5 30. b3 Rd6 31. c4 bxc4 32. Rxc4 Kd5 33. Rc7 h5 34. b4 g6 35. b5 Nb6 36. Kd3 e4+ 37. Kc3 Na4+ 38. Kb3 Nb6 39. Kb4 Na8 40. Rc5+ Ke6 41. Rc8 Nb6 42. Bxb6 Rxb6 43. Ka5 Rd6 44. b6 Rd2 45. Rc4 Kd5 46. Rb4 e3 47. b7 e2 48. b8Q e1Q 49. Qd8+ Kc5 50. Rb5+ Kc4 51. Qc8+ Kd4 52. Qd7+ Kc3 53. Qc6+ Kd3 54. Qxg6+ Qe4 55. Rb3+ 1-0

[Event "Mediterranean op 6th"]
[Site "Rijeka"]
[Date "2013.12.02"]
[Round "4"]
[White "Beljan, Mladen"]
[Black "Dizdarevic, Mirsad"]
[Result "1-0"]
[WhiteElo "1827"]
[BlackElo "1862"]
[PlyCount "74"]
[EventDate "2013.11.30"]
[EventType "swiss"]
[EventRounds "9"]
[EventCountry "CRO"]
[SourceTitle "CBM 157 Extra"]
[Source "ChessBase"]
[SourceDate "2013.12.19"]
[SourceVersion "1"]
[SourceVersionDate "2013.12.19"]
[SourceQuality "1"]

1. e4 d5 2. exd5 Qxd5 3. Nc3 Qa5 4. d4 c6 5. Bd2 Qb6 6. Nf3 e6 7. Na4 Qc7 8. c4 Nf6 9. Nc3 Be7 10. g3 0-0 11. Bg2 b6 12. a3 Bb7 13. 0-0 Nbd7 14. b4 a6 15. Bf4 Bd6 16. Bxd6 Qxd6 17. c5 Qc7 18. Re1 Rad8 19. Qc2 Rfe8 20. Rad1 b5 21. Ng5 h6 22. Nge4 Rf8 23. Nd6 Ne8 24. Nce4 Ba8 25. Nxe8 Rfxe8 26. Qd2 Rf8 27. Nd6 Nf6 28. f4 Ne8 29. Ne4 Bb7 30. Qe3 a5 31. g4 Ra8 32. Ra1 Qd7 33. g5 hxg5 34. fxg5 Nc7 35. Nf6+ gxf6 36. gxf6 Ne8 37. Qg5+ Kh8 1-0

[Event "Mediterranean op 6th"]
[Site "Rijeka"]
[Date "2013.12.01"]
[Round "3"]
[White "Dizdarevic, Mirsad"]
[Black "Pijanovic, Dusan"]
[Result "1-0"]
[WhiteElo "1862"]
[BlackElo "1688"]
[PlyCount "103"]
[EventDate "2013.11.30"]
[EventType "swiss"]
[EventRounds "9"]
[EventCountry "CRO"]
[SourceTitle "CBM 157 Extra"]
[Source "ChessBase"]
[SourceDate "2013.12.19"]
[SourceVersion "1"]
[SourceVersionDate "2013.12.19"]
[SourceQuality "1"]

1. d4 d5 2. Nf3 Nf6 3. g3 g6 4. Bg2 Bg7 5. 0-0 0-0 6. Nbd2 c6 7. Re1 Re8 8. e4 dxe4 9. Nxe4 Nxe4 10. Rxe4 Bf5 11. Re1 Na6 12. c3 Nc7 13. Ne5 Rb8 14. Ng4 Qc8 15. Nh6+ Kf8 16. Qf3 f6 17. Nxf5 Qxf5 18. Bf4 Rbc8 19. Qe2 Nd5 20. Bd2 e5 21. Qf1 Rcd8 22. Be4 Qd7 23. dxe5 f5 24. Bxd5 Qxd5 25. Bg5 Rd7 26. Bf4 Rde7 27. Be3 Rxe5 28. Bxa7 Qd2 29. Rxe5 Rxe5 30. Rb1 Bh6 31. Qc4 Re1+ 32. Rxe1 Qxe1+ 33. Kg2 Bc1 34. Qh4 g5 35. Qd4 Qe4+ 36. Qxe4 fxe4 37. b3 Kf7 38. Be3 Bxe3 39. fxe3 g4 40. Kf2 Ke6 41. Ke2 Kd5 42. Kd2 Kc5 43. Kc2 Kb5 44. c4+ Kb4 45. Kb2 c5 46. Kc2 h6 47. Kb2 b6 48. Kc2 Ka5 49. Kc3 b5 50. cxb5 Kxb5 51. a4+ Ka5 52. Kc4 1-0

[Event "Mediterranean op 6th"]
[Site "Rijeka"]
[Date "2013.11.30"]
[Round "1"]
[White "Dizdarevic, Mirsad"]
[Black "Doric, Nenad"]
[Result "0-1"]
[WhiteElo "1862"]
[BlackElo "2290"]
[PlyCount "49"]
[EventDate "2013.11.30"]
[EventType "swiss"]
[EventRounds "9"]
[EventCountry "CRO"]
[SourceTitle "CBM 157 Extra"]
[Source "ChessBase"]
[SourceDate "2013.12.19"]
[SourceVersion "1"]
[SourceVersionDate "2013.12.19"]
[SourceQuality "1"]

1. d4 d5 2. Nf3 Nf6 3. g3 c6 4. Bg2 Bg4 5. 0-0 Nbd7 6. Nbd2 e6 7. c4 Bd6 8. Qc2 0-0 9. e4 dxe4 10. Nxe4 Bf5 11. Nh4 Nxe4 12. Nxf5 exf5 13. Bxe4 fxe4 14. Qxe4 Re8 15. Qf3 Qf6 16. Qxf6 Nxf6 17. Be3 Ng4 18. Rfe1 Nxe3 19. fxe3 Re4 20. Kf2 Rae8 21. c5 Be7 22. Re2 Bg5 23. Rae1 f5 24. Kf3 Kf7 25. h4 0-1

[Event "Rijeka Liburnija op"]
[Site "Rijeka"]
[Date "2012.12.06"]
[Round "8"]
[White "Ozimec, Zoran"]
[Black "Dizdarevic, Mirsad"]
[Result "1-0"]
[WhiteElo "1744"]
[BlackElo "1874"]
[PlyCount "145"]
[EventDate "2012.11.30"]
[EventType "swiss"]
[EventRounds "9"]
[EventCountry "CRO"]
[SourceTitle "CBM 151 Extra"]
[Source "ChessBase"]
[SourceDate "2012.12.18"]
[SourceVersion "1"]
[SourceVersionDate "2012.12.18"]
[SourceQuality "1"]

1. e4 e5 2. Nc3 Nf6 3. f4 d6 4. Nf3 Bg4 5. Bc4 Nbd7 6. 0-0 Nb6 7. Bb3 Be7 8. d3 0-0 9. Qe1 Bxf3 10. Rxf3 a5 11. a4 Qd7 12. f5 d5 13. Bg5 c6 14. Bxf6 Bxf6 15. g4 Qe7 16. exd5 cxd5 17. Bxd5 Qc5+ 18. Qe3 Qb4 19. Be4 h6 20. Qe1 Rab8 21. h4 Be7 22. Qc1 Bxh4 23. f6 Bg5 24. Qe1 g6 25. Ra3 Qd6 26. Qf2 Nd7 27. Nd5 b5 28. Rc3 Kh7 29. b3 bxa4 30. bxa4 Nb6 31. Qc5 Qxc5+ 32. Rxc5 Nxa4 33. Rxa5 Nb6 34. c4 Nxd5 35. Rxd5 Bf4 36. Rb5 Rxb5 37. cxb5 Rb8 38. Bc6 g5 39. Rh3 Kg6 40. Kf2 Kxf6 41. Rxh6+ Kg7 42. Rh1 Bd2 43. Kf3 Rd8 44. Be4 Rb8 45. Rb1 Ba5 46. Bd5 Bb6 47. Ke4 Bd4 48. Bc6 Kf6 49. Bd5 Ke7 50. Kf5 f6 51. Bc4 Rb6 52. Rh1 Ke8 53. Rh7 Kd8 54. Rf7 Ke8 55. Rc7 Kd8 56. Rh7 Ke8 57. Rh2 Ke7 58. Ra2 Ke8 59. Ra3 Ke7 60. Rb3 Rd6 61. Ke4 Bb6 62. Bd5 Kd8 63. Rb1 Kd7 64. Rh1 Bd4 65. Bc6+ Kd8 66. Rh8+ Ke7 67. Rh7+ Kf8 68. Rb7 Bc5 69. Bd5 Rb6 70. Bc6 Rxb7 71. Bxb7 Ke7 72. Kd5 Kd7 73. Kxc5 1-0

[Event "Kraljevica ZNG111 op 14th"]
[Site "Kraljevica"]
[Date "2012.02.19"]
[Round "3"]
[White "Mateta, Marin"]
[Black "Dizdarevic, Mirsad"]
[Result "0-1"]
[WhiteElo "1683"]
[BlackElo "1868"]
[PlyCount "62"]
[EventDate "2012.02.18"]
[EventType "swiss"]
[EventRounds "7"]
[EventCountry "CRO"]
[SourceTitle "CBM 147 Extra"]
[Source "ChessBase"]
[SourceDate "2012.04.24"]
[SourceVersion "1"]
[SourceVersionDate "2012.04.24"]
[SourceQuality "1"]

1. e4 e5 2. Nf3 Nc6 3. Bc4 Be7 4. d4 exd4 5. Nxd4 Bc5 6. Nxc6 Qf6 7. 0-0 Qxc6 8. Bd5 Qg6 9. Be3 Bxe3 10. fxe3 Nf6 11. Bc4 0-0 12. Bd3 Ng4 13. Rf3 Qb6 14. Qe1 Qxb2 15. Nc3 Ne5 16. Rf2 Qb6 17. Nd5 Qc5 18. Rc1 c6 19. Nf4 d6 20. h3 Be6 21. Nxe6 fxe6 22. Rxf8+ Rxf8 23. Rb1 b5 24. Qe2 Qa3 25. Rb3 Qxa2 26. Rc3 Qa1+ 27. Kh2 Qxc3 28. Bxb5 cxb5 29. Qxb5 Qxe3 30. Qb7 Qf2 31. Qe7 Nf3+ 0-1

[Event "Rijeka Paris Memorial op"]
[Site "Rijeka"]
[Date "2011.10.24"]
[Round "6"]
[White "Milosevic, Bozidar"]
[Black "Dizdarevic, Mirsad"]
[Result "0-1"]
[WhiteElo "1757"]
[BlackElo "1951"]
[PlyCount "100"]
[EventDate "2011.10.17"]
[EventType "swiss"]
[EventRounds "9"]
[EventCountry "CRO"]
[SourceTitle "EXT 2013"]
[Source "ChessBase"]
[SourceDate "2012.11.22"]
[SourceVersion "1"]
[SourceVersionDate "2012.11.22"]
[SourceQuality "1"]

1. c4 Nf6 2. Nc3 g6 3. e4 Nc6 4. Nf3 d6 5. d4 Bg4 6. Be2 Bxf3 7. Bxf3 e5 8. d5 Nb8 9. Bg5 Nbd7 10. Bg4 Be7 11. Bh3 0-0 12. Qa4 Nb6 13. Qc2 Nfxd5 14. Bh6 Nb4 15. Qe2 Re8 16. a3 Nc6 17. Be3 Bg5 18. Rd1 Bxe3 19. fxe3 Qh4+ 20. Kd2 Qg5 21. Kc2 Ne7 22. Nb5 f5 23. Nxc7 Rec8 24. Nxa8 Nxc4 25. Kb1 Nxe3 26. Rxd6 Rxa8 27. Qd2 Nc6 28. Re1 f4 29. Be6+ Kh8 30. Qc3 Rd8 31. Rxd8+ Qxd8 32. g3 g5 33. Qb3 Nd4 34. Qxb7 Nxe6 35. Rc1 Nf8 36. Rc8 Qf6 37. Rc6 Qg7 38. Rc7 Qh6 39. Rf7 Kg8 40. Qb3 Kh8 41. Qb4 Kg8 42. Qb3 Qb6 43. Qa2 Qc6 44. Rc7+ Qe6 45. Qxe6+ Nxe6 46. Rxa7 f3 47. Ra8+ Kg7 48. Ra7+ Kf6 49. Rxh7 f2 50. Rh6+ Kf7 0-1